LEADER 02342ndm a2200445 a 4500
001 000911997
003 CZ BrMZK
005 20210805091439.0
007 qu
008 080912s1780 xx ovzef d
031 |a 01  |b 01  |c 01  |d Allo  |m vl 1  |g G-2  |n bB  |o c  |p '4FC8-FA''C/FDC'BAFA''C/6({FGA})({'BAG})AB''CD4C  |r F  |2 pe 
031 |a 01  |b 02  |c 01  |d Andante  |m vl 1  |g G-2  |n bB  |o 3/8  |p '8FAB/''C4C/6GC4C/6AC4C/'8BAG/6({AGF})8F-/  |r F  |2 pe 
031 |a 01  |b 03  |c 01  |d Allo assai  |m vl 1  |g G-2  |n bB  |o 2/4  |p ''8C'6AB8''CC/4CF/8D6'B''C8DD/4DF/  |r F  |2 pe 
040 |a BOA001  |b cze 
048 |a sa02  |a sb01  |a sd01 
072 7 |a 787  |x Hudba pro strunné a smyčcové nástroje  |2 Konspekt  |9 9 
080 |a 78.086.1  |2 MRF 
080 |a 78.087  |2 MRF 
080 |a (0.032)78  |2 MRF 
100 1 |a Neruda, Jan Křtitel Jiří,  |d asi 1707-1780  |7 jn20020322001  |4 cmp 
245 1 0 |a Overteur a Due Violini, Alto Viola. Con Basso  |h [rukopis] /  |c del Sigre. Neruda 
260 |c [1780?] 
300 |a 4 rkp. hlasy [2, 1, 1, 1 l.]  |c 22 x 29 cm 
561 1 |a Provenience: Doksy, zámecká knihovna Valdštejnů, N. 2  |5 CZ-Bu 
561 1 |a Provenience: Praha, archiv dr. Antonína Němce  |5 CZ-Bu 
500 |a Dostupné též v digitální podobě v aplikaci Kramerius 
650 0 4 |a předehry (housle (2), viola, kontrabas) 
655 7 |a hlasy  |7 fd186703  |2 czenas 
655 7 |a hudební rukopisy  |7 fd278469  |2 czenas 
787 0 8 |i Mikrofilm :  |t Overteur, Nro. 2  |g Skř.17-0525.574 
856 4 1 |u https://imageserver.mzk.cz/mzk01/000/911/997/2619271741  |y Digitalizovaný dokument (klikněte pro zobrazení) 
856 4 1 |u https://imageserver.mzk.cz/mzk01/000/911/997/2619271741_1  |y Digitalizovaný dokument (klikněte pro zobrazení) 
856 4 1 |u http://audioserver.mzk.cz/incipity/png/000911997-010101.png  |y Zobrazení hudebního incipitu 
856 4 1 |u http://audioserver.mzk.cz/incipity/png/000911997-010201.png  |y Zobrazení hudebního incipitu 
856 4 1 |u http://audioserver.mzk.cz/incipity/png/000911997-010301.png  |y Zobrazení hudebního incipitu 
856 4 1 |u http://www.digitalniknihovna.cz/mzk/view/uuid:4301b01a-f5b3-425b-b01d-9c0aca0cb2a0  |y Digitalizovaný dokument 
910 |a BOA001  |b RKPMus-0691.716 
990 |a MU 
991 |b 200809 
996 6 |b 2619271741  |c RKPMus-0691.716  |l Stud. starých tisků/4.patro  |r Sklad / do násl. otevíracího dne  |n 2  |w 000911997  |u 000010  |a 1  |e BOA001  |j MZK50  |s P